000 00577nam a22001697a 4500
003 OSt
005 20260319124254.0
008 260319b |||||||| |||| 00| 0 eng d
040 _cMRSPTU
041 _aEnglish
100 _aArun Kumar, Supervisor: Dr. Navjot Kanwar
245 _aDevelopment, Optimization and Characterization of Transdermal Film of Montelukast Sodium
260 _bDepartment of Pharmacy, MRSPTU, Bathinda
_c2025
650 _aPharmaceutical Sciences and Technology
856 _uhttp://163.47.215.52:8080/jspui/handle/123456789/965
942 _2ddc
_cTH
_n0
999 _c11203
_d11203